Kręg Chiński - Statystyki

Ogólne statystyki
  • Ten quiz został rozwiązany 50 razy
  • Średni wynik to 4 z 5
Statystyki odpowiedzi
Państwo % Poprawnych
Chiny
95%
Korea Północna
84%
Tajwan
82%
Korea Południowa
74%
Wietnam
74%
Nie znaleziono quizów pasujących do podanych kryteriów
Rozkład punktacji
Procent ludzi z każdym wynikiem
Percentyl według liczby udzielonych odpowiedzi
Twoja historia wyników
Nie rozwiązałeś tego quizu